Lyrics - VALENTINE, Måneskin - Statistiques

Statistiques générales
  • Ce quiz a été pris 201 fois
  • Le résultat moyen est 119 sur 174
Statistiques - réponses
Lyrics % Correct
I
98%
Valentine,
94%
Valentine
94%
you
93%
love,
92%
love
92%
my
89%
in
83%
So
81%
so
81%
decline
79%
decline,
79%
to
77%
All
76%
all
76%
this
76%
I’m
74%
better
73%
with
73%
much
71%
it’s
67%
is
66%
the
65%
of
64%
for
63%
Baby,
62%
Wasted
61%
when
60%
can
58%
we
58%
dream
57%
misunderstood
56%
day
55%
And
54%
and
54%
pictures
54%
always
53%
feel
53%
you’re
53%
blood
52%
running
52%
harder
51%
just
50%
one
50%
up
50%
us
50%
scared
49%
two
48%
Crazy
47%
were
47%
touch
46%
cover
45%
hold
45%
hands
44%
myself
44%
tattoos
44%
give
43%
gone
41%
breathe
40%
eatin’
40%
bloom
37%
chocked
37%
daisy
35%
lust
34%
Black
32%
combust
31%
embrace
30%
room
27%
hearts
25%
choked
23%
pupils,
22%
pacing
17%
Aucun quiz correspondant
Distribution des résultats
% des personnes avec chaque résultat
Percentile par nombre de réponses
Votre historique - résultats
Vous n’avez pas pris ce quiz